LIBRARY ONLINE CATALOGUE

Judicial enforcement of leadership and integrity : (Record no. 15491)

MARC details
000 -LEADER
fixed length control field 00480nam a22001692 4500
001 - CONTROL NUMBER
control field 0000024649
005 - DATE AND TIME OF LATEST TRANSACTION
control field 20151217161644.0
008 - FIXED-LENGTH DATA ELEMENTS--GENERAL INFORMATION
fixed length control field 140123s xx 000 0 eng d
040 ## - CATALOGING SOURCE
Original cataloging agency KABU
Transcribing agency KABU
100 1# - MAIN ENTRY--PERSONAL NAME
Personal name Magina, Arnold M.
-- 0000185031
245 10 - TITLE STATEMENT
Title Judicial enforcement of leadership and integrity :
Remainder of title the case of Kenya /
Statement of responsibility, etc. Magina M. Arnold.
260 ## - PUBLICATION, DISTRIBUTION, ETC. (IMPRINT)
Date of publication, distribution, etc. 2013.
300 ## - PHYSICAL DESCRIPTION
Extent 52 leaves.
908 ## - PUT COMMAND PARAMETER (RLIN)
Put command parameter 140123
950 ## - LOCAL HOLDINGS (RLIN)
-- 1
Holdings
Withdrawn status Lost status Source of classification or shelving scheme Not for loan Home library Current library Date acquired Total Checkouts Full call number Barcode Date last seen Price effective from Koha item type
    Library of Congress Classification   Kabarak, Main Campus Kabarak, Main Campus 17/12/2015   Law 33800 14/11/2017 17/12/2015 Thesis, Dissertation and Projecs